Plant physiology (Record no. 20894)

MARC details
000 -LEADER
fixed length control field 00525nam a2200205Ia 4500
082 ## - DEWEY DECIMAL CLASSIFICATION NUMBER
Classification number 581.1
Item number MEY
100 ## - MAIN ENTRY--AUTHOR NAME
Personal name Anderson, Donald B
245 #0 - TITLE STATEMENT
Title Plant physiology
250 ## - EDITION STATEMENT
Edition statement Ed.2
260 ## - PUBLICATION, DISTRIBUTION, ETC. (IMPRINT)
Place of publication Delhi
Name of publisher Affiliated East West
Year of publication 1952
650 ## - SUBJECT ADDED ENTRY--TOPICAL TERM
Topical Term Growth productivity
650 ## - SUBJECT ADDED ENTRY--TOPICAL TERM
Topical Term Photosynthesis
650 ## - SUBJECT ADDED ENTRY--TOPICAL TERM
Topical Term Plant hormone
650 ## - SUBJECT ADDED ENTRY--TOPICAL TERM
Topical Term Plant physiology
650 ## - SUBJECT ADDED ENTRY--TOPICAL TERM
Topical Term Soil water relations
650 ## - SUBJECT ADDED ENTRY--TOPICAL TERM
Topical Term Water relation
700 ## - ADDED ENTRY--PERSONAL NAME
Personal name Meyer, Bernard S
942 ## - ADDED ENTRY ELEMENTS (KOHA)
Koha item type Books
Holdings
Withdrawn status Lost status Damaged status Not for loan Home library Current library Date acquired Full call number Accession Number Koha item type
        RRII Library RRII Library 16/12/2021 581.1 MEY 01616 Books